| 000 | 00709nam a22002415a 4500 | ||
|---|---|---|---|
| 005 | 20150824105509.0 | ||
| 008 | 150817r20042001 iia frb 001 0 eng d | ||
| 020 | _a8172248733 | ||
| 020 | _a9788172248734 | ||
| 040 |
_aEG-ScBUE _beng _cEG-ScBUE |
||
| 082 | 0 | 4 |
_a650.11 _bESS _222 |
| 100 | _a | ||
| 245 | 0 | 0 |
_aEssence of time management / _cMichael Le Boeuf. |
| 260 |
_aMumbai : _bJaico Publishing House, _c2004. |
||
| 300 |
_axv, 375 p. : _bill. ; _c24 cm. |
||
| 500 | _aIndex : p. 368-375. | ||
| 504 | _aBibliography : p. 364-367. | ||
| 590 | _aMohamed Hussein | ||
| 650 |
_aExecutives _xTime management. _2BUEsh |
||
| 651 | _2BUEsh | ||
| 653 |
_bCOMAME _bGGEN _cAugust2015 |
||
| 942 |
_cBB _2ddc |
||
| 999 |
_c7106 _d1129 |
||